Click to Build the Map of Europe - Statistics

General Stats
  • This quiz has been taken 103 times
  • The average score is 36 of 44
Answers on the Map
Answers color-coded by a green-red scale on the quiz's map according to % correct below.
 
Answer Stats
Answer % Correct
Finland
97%
Russia
96%
Ukraine
94%
Norway
90%
Belarus
89%
France
89%
Germany
89%
Spain
89%
Belgium
87%
Sweden
87%
Switzerland
87%
Italy
86%
Moldova
86%
Netherlands
86%
Poland
86%
Portugal
86%
Romania
86%
Croatia
85%
Austria
84%
Bulgaria
84%
Denmark
84%
Ireland
84%
Lithuania
84%
Luxembourg
84%
North Macedonia
84%
Albania
82%
Czech Republic
82%
Slovakia
82%
United Kingdom
82%
Hungary
81%
Kosovo
81%
Estonia
80%
Greece
80%
Malta
80%
Serbia
80%
Slovenia
80%
Bosnia and Herzegovina
78%
Andorra
77%
Latvia
77%
Montenegro
75%
Liechtenstein
71%
Vatican City
70%
Monaco
67%
San Marino
58%
No matching quizzes found
Score Distribution
Percent of People with Each Score
Percentile by Number Answered
Your Score History
You have not taken this quiz